Los embajadores de España en París de 1883 a 1889 (Record no. 187356)

MARC details
000 -LEADER
campo de control de longitud fija 01624nam a2200337 i 4500
001 - NÚMERO DE CONTROL
campo de control 187356
003 - IDENTIFICADOR DE NÚMERO DE CONTROL
campo de control SpMaBN
005 - FECHA Y HORA DE LA ÚLTIMA TRANSACCIÓN
campo de control 20260304122037.0
008 - DATOS DE LONGITUD FIJA--INFORMACIÓN GENERAL
campo de control de longitud fija 170614s1927 sp p |||| |dspa d
080 ## - NÚMERO DE LA CLASIFICACIÓN DECIMAL UNIVERSAL
Número de la Clasificación Decimal Universal 341.7/.8(460:44)"18"
080 ## - NÚMERO DE LA CLASIFICACIÓN DECIMAL UNIVERSAL
Número de la Clasificación Decimal Universal 341.76
080 ## - NÚMERO DE LA CLASIFICACIÓN DECIMAL UNIVERSAL
Número de la Clasificación Decimal Universal 929 Gondomar, Diego Sarmiento de Acuña, Conde de
080 ## - NÚMERO DE LA CLASIFICACIÓN DECIMAL UNIVERSAL
Número de la Clasificación Decimal Universal 929 Valera, Juan
100 1# - ENTRADA PRINCIPAL--NOMBRE DE PERSONA
Nombre de persona Villa-Urrutia, Wenceslao Ramírez de Villa-Urrutia,
Títulos y otros términos asociados al nombre Marqués de,
Fechas asociadas al nombre 1850-1933
9 (RLIN) 114894
245 14 - MENCIÓN DEL TÍTULO
Título Los embajadores de España en París de 1883 a 1889
Resto del título ; Don Juan Valera, diplomático y hombre de mundo ; La embajada del conde de Gondomar ; El estilo diplomático ; Un discurso /
Mención de responsabilidad, etc. Marqués de Villa-Urrutia.
246 3# - FORMA VARIANTE DEL TITULO
Título propio/Titulo breve Don Juan Valera, diplomático y hombre de mundo
260 ## - PUBLICACIÓN, DISTRIBUCIÓN, ETC.
Lugar de publicación, distribución, etc. Madrid :
Nombre del editor, distribuidor, etc. Francisco Beltrán, Librería Española y Extranjera,
Fecha de publicación, distribución, etc. [1927] (
Fabricante Tip. Artística)
300 ## - DESCRIPCIÓN FÍSICA
Extensión 176 p. ;
Dimensiones 22 cm.
530 ## - NOTA DISPONIBLE DE FORMULARIO FÍSICO ADICIONAL
Nota de formato físico adicional disponible Disponible en formato digital.
600 14 - PUNTO DE ACCESO ADICIONAL DE MATERIA--NOMBRE DE PERSONA
Nombre de persona Valera, Juan,
Fechas asociadas al nombre 1824-1905
9 (RLIN) 112638
600 17 - PUNTO DE ACCESO ADICIONAL DE MATERIA--NOMBRE DE PERSONA
Nombre de persona Gondomar, Diego Sarmiento de Acuña,
Títulos y otros términos asociados al nombre Conde de,
Fechas asociadas al nombre 1567-1626
9 (RLIN) 127381
650 #4 - PUNTO DE ACCESO ADICIONAL DE MATERIA--TÉRMINO DE MATERIA
Término de materia o nombre geográfico como elemento de entrada Diplomacia-
Subdivisión general Lenguaje.
9 (RLIN) 163054
651 #4 - PUNTO DE ACCESO ADICIONAL DE MATERIA--NOMBRE GEOGRÁFICO
Nombre geográfico España-
Subdivisión general Servicio diplomático y consular-
Subdivisión geográfica Francia.
9 (RLIN) 163053
651 #4 - PUNTO DE ACCESO ADICIONAL DE MATERIA--NOMBRE GEOGRÁFICO
Nombre geográfico España-
Subdivisión general Servicio diplomático y consular-
Subdivisión cronológica S.XIX.
9 (RLIN) 137481
740 32 - ENTRADA AGREGADA--TÍTULO RELACIONADO/ANALÍTICO NO CONTROLADO
Título relacionado o analítico no controlado La embajada del conde de Gondomar.
740 32 - ENTRADA AGREGADA--TÍTULO RELACIONADO/ANALÍTICO NO CONTROLADO
Título relacionado o analítico no controlado El estilo diplomático.
852 ## - LOCALIZACIÓN
Ubicación ES-MaACL
Número de control de estantería L-31710
Ubicación en estantería Depósito 2
Donativo/Legado Donante: herederos de la biblioteca de Mª del Pilar Costa Palacín
856 4# - LOCALIZACIÓN Y ACCESO ELECTRÓNICOS
Identificador Uniforme de Recursos <a href="http://bdh-rd.bne.es/viewer.vm?id=0000246355&page=1 ">http://bdh-rd.bne.es/viewer.vm?id=0000246355&page=1 </a>
Texto de enlace Biblioteca Digital Hispánica
942 ## - ELEMENTOS DE ENTRADA SECUNDARIOS (KOHA)
Fuente del sistema de clasificación o colocación Clasificación decimal universal
Holdings
Estatus retirado Estado de pérdida Estado de daño No para préstamo Colección Biblioteca de origen Biblioteca actual Ubicación en estantería Fecha de adquisición Fuente de adquisición Total de préstamos Signatura topográfica completa Código de barras Visto por última vez Precio de reemplazo Tipo de ítem Koha
        Colección digital Biblioteca del Ateneo de Madrid Biblioteca del Ateneo de Madrid Depósito 2 14/06/2017     L-31710 1197733 23/02/2023 23/02/2023 Libro impreso